Statistiques concernant MES 11 CINEASTES FAVORIS

Cliquez ici pour prendre le quiz!

Statistiques générales

  • Ce quiz a été pris 29 fois
  • Le résultat moyen est 3 sur 11

Statistiques - réponses

HintRéponse% Correct
Arthur Et Les Minimoys - LeonLuc Besson
96%
Le Boulevard De La Mort - Jackie BrownQuentin Tarantino
67%
Panic Room - The GameDavid Fincher
63%
Le Géant De Fer - RatatouilleBrad Bird
26%
Le Patient Anglais - Le Talentueux Mr RipleyAnthony Minghella
22%
The Bling Ring - Les ProiesSofia Coppola
22%
Incognito - BarbecueEric Lavaine
15%
Le Retour Du Héros - Un Homme A La HauteurLaurent Tirard
15%
Yesterday - About TimeRichard Curtis
15%
Mary A Tout Prix - L'Amour Extra LargeFarrelly Brothers
4%
The King Of Staten Island - Funny PeopleJudd Apatow
4%

Distribution des résultats

Percentile par nombre de réponses

% des personnes avec chaque résultat

Votre développement - résultats

Vous n’avez pas pris ce quiz